[Event "Teplice Open 2019"]
[Site "Teplice"]
[Date "2019.06.22"]
[Round "8.37"]
[White "Ivanov, Igor"]
[Black "Eden, James"]
[Result "1/2-1/2"]
[WhiteElo "2157"]
[BlackElo "2346"]
[Annotator "ChessBase"]
[PlyCount "122"]
[EventDate "2019.06.15"]
[EventType "swiss"]
[EventCountry "CZE"]
[SourceTitle "playchess.com"]
[Source "ChessBase"]
[SourceQuality "1"]
[TimeControl "40/5400+30:1800+30"]

1. c4 {[%emt 0:07:07]} c6 {[%emt 0:04:39]} 2. b3 {[%emt 0:00:00]} d5 {[%emt 0:01:24]} 3. Bb2 {[%emt 0:00:00]} Bg4 {[%emt 0:02:50]} 4. h3 {[%emt 0:00:00]} Bh5 {[%emt 0:00:23]} 5. d3 {[%emt 0:00:00]} e6 {[%emt 0:03:18]} 6. Nd2 {[%emt 0:00:00]} Nf6 {[%emt 0:03:36]} 7. Ngf3 {[%emt 0:00:00]} Bxf3 {[%emt 0:02:53]} 8. Nxf3 {[%emt 0:01:32]} dxc4 {[%emt 0:03:38]} 9. bxc4 {[%emt 0:01:10]} Bb4+ {[%emt 0:00:58]} 10. Nd2 {[%emt 0:00:20]} Qa5 {[%emt 0:03:03]} 11. Qc2 {[%emt 0:16:05]} Ba3 {[%emt 0:06:09]} 12. Bc3 {[%emt 0:01:24]} Bb4 {[%emt 0:00:52]} 13. Bb2 {[%emt 0:07:04]} Nbd7 {[%emt 0:02:54]} 14. a3 {[%emt 0:05:30]} Bd6 {[%emt 0:00:59]} 15. g3 {[%emt 0:02:36]} c5 {[%emt 0:11:26]} 16. Bg2 {[%emt 0:07:09]} Rb8 {[%emt 0:05:21]} 17. Bc3 {[%emt 0:01:40]} Qc7 {[%emt 0:01:31]} 18. Qa4 {[%emt 0:06:06]} Be5 {[%emt 0:06:28]} 19. Bxe5 {[%emt 0:02:20]} Qxe5 {[%emt 0:00:07]} 20. Rb1 {[%emt 0:00:21]} O-O {[%emt 0:07:04]} 21. Kf1 {[%emt 0:01:45]} h5 {[%emt 0:09:48]} 22. Bxb7 {[%emt 0:15:19]} h4 {[%emt 0:04:20]} 23. g4 {[%emt 0:03:02]} Qf4 {[%emt 0:07:51]} 24. Qc2 {[%emt 0:04:10]} Qc7 {[%emt 0:02:43]} 25. Bf3 {[%emt 0:00:00]} Rxb1+ 26. Nxb1 {[%emt 0:01:34]} Ne5 {[%emt 0:00:41]} 27. Nd2 {[%emt 0:01:00]} Nh7 {[%emt 0:08:15]} 28. Kg2 {[%emt 0:05:30]} f5 {[%emt 0:00:00]} 29. gxf5 {[%emt 0:01:03]} Rxf5 {[%emt 0:00:00]} 30. Be4 {[%emt 0:00:45]} Rg5+ {[%emt 0:00:00]} 31. Kf1 {[%emt 0:00:03]} Nf6 {[%emt 0:00:00]} 32. Qa4 {[%emt 0:02:45]} Qb6 {[%emt 0:00:00]} 33. f4 {[%emt 0:02:44]} Nxe4 {[%emt 0:01:57]} 34. dxe4 {[%emt 0:00:04]} Qb2 {[%emt 0:01:11]} 35. Qd1 {[%emt 0:01:56]} Rg3 {[%emt 0:00:11]} 36. fxe5 {[%emt 0:00:59]} Rxa3 {[%emt 0:00:13]} 37. Kg2 {[%emt 0:02:09]} Rg3+ {[%emt 0:00:14]} 38. Kf2 {[%emt 0:01:19]} Qd4+ {[%emt 0:00:17]} 39. Kf1 {[%emt 0:00:30]} Ra3 {[%emt 0:00:13]} 40. Kg2 {[%emt 0:01:43]} Rg3+ {[%emt 0:01:01]} 41. Kf1 {[%emt 0:01:01]} Ra3 {[%emt 0:07:19]} 42. Kg2 {[%emt 0:17:11]} Rg3+ {[%emt 0:03:25]} 43. Kf1 {[%emt 0:00:05]} a5 {[%emt 0:01:13]} 44. Qe1 {[%emt 0:05:25]} a4 {[%emt 0:08:01]} 45. Nf3 {[%emt 0:02:24]} Qe3 {[%emt 0:01:48]} 46. Qa5 {[%emt 0:02:39]} Kh7 {[%emt 0:07:07]} 47. Qd8 {[%emt 0:02:07]} Rxf3+ {[%emt 0:02:26]} 48. exf3 {[%emt 0:00:05]} Qxf3+ {[%emt 0:00:08]} 49. Kg1 {[%emt 0:00:18]} Qg3+ {[%emt 0:00:06]} 50. Kf1 {[%emt 0:00:03]} a3 {[%emt 0:01:05]} 51. Qd2 {[%emt 0:00:44]} Qf3+ {[%emt 0:00:11]} 52. Kg1 {[%emt 0:00:08]} Qg3+ {[%emt 0:00:06]} 53. Qg2 {[%emt 0:00:47]} a2 {[%emt 0:03:14]} 54. Qxg3 {[%emt 0:00:59]} a1=Q+ {[%emt 0:00:10]} 55. Kg2 {[%emt 0:00:18]} Qxh1+ {[%emt 0:00:22]} 56. Kxh1 {[%emt 0:00:03]} hxg3 {[%emt 0:00:13]} 57. Kg2 {[%emt 0:00:55]} Kg6 {[%emt 0:01:28]} 58. Kxg3 {[%emt 0:01:52]} Kh5 {[%emt 0:00:32]} 59. h4 {[%emt 0:00:28]} g5 {[%emt 0:00:36]} 60. hxg5 {[%emt 0:00:09]} Kxg5 {[%emt 0:00:06]} 61. Kf3 {[%emt 0:00:26]} Kh5 {[%emt 0:00:37]} 1/2-1/2

[Event "Teplice Open 2019"]
[Site "Teplice"]
[Date "2019.06.23"]
[Round "9.1"]
[White "Nisipeanu, Liviu-Dieter"]
[Black "Movsesian, Sergei"]
[Result "1/2-1/2"]
[WhiteElo "2667"]
[BlackElo "2639"]
[Annotator "TA"]
[PlyCount "69"]
[EventDate "2019.06.15"]
[EventType "swiss"]
[EventCountry "CZE"]
[SourceTitle "playchess.com"]
[Source "ChessBase"]
[SourceQuality "1"]

{[%evp 15,69,14,10,6,7,12,25,12,9,12,11,8,22,0,15,12,18,12,12,12,12,12,8,8,8,13,24,24,16,9,9,9,9,9,9,9,9,9,11,9,9,11,11,10,10,11,11,11,11,11,11,10,15,15,15,0]} 1. d4 Nf6 2. c4 e6 3. Nc3 Bb4 4. Qc2 O-O 5. Nf3 $146 ({Predecessor:} 5. a3 Bxc3+ 6. Qxc3 d5 {½-½ (41) Matlakov,M (2690)-Grachev,B (2659) Loo 2014}) 5... d5 6. a3 Bxc3+ 7. Qxc3 dxc4 8. Qxc4 b6 9. Bg5 {E36: Nimzo-Indian: Classical: 4...d5 5 a3} Ba6 10. Qa4 Qd7 11. Qc2 {White has an edge.} c5 12. dxc5 Rc8 13. Bxf6 gxf6 14. Qe4 Qb5 15. b4 (15. Qxa8 Qxb2 16. Rd1 Nc6 $17) 15... bxc5 16. e3 ({Don't play} 16. Qxa8 Qc4 $17) 16... Qb7 17. Qg4+ Kf8 18. b5 Bxb5 19. Rb1 $1 a6 20. a4 f5 21. Qf4 Qe4 22. Qxe4 {The position is equal.} fxe4 23. axb5 {[#] Black must now prevent b6.} exf3 24. b6 {[%cal Bb5b6,Bb6b7][%mdl 32]} Rd8 25. gxf3 Nc6 26. f4 {aiming for Bg2.} Nb4 27. b7 Rab8 28. Bg2 Nd5 29. O-O Rd7 30. Rfc1 Rdxb7 31. Rxb7 Rxb7 32. Bxd5 exd5 33. Rxc5 d4 34. exd4 Rb4 35. Ra5 {Accuracy: White = 87%, Black = 77%.} 1/2-1/2

[Event "Teplice Open 2019"]
[Site "Teplice"]
[Date "2019.06.23"]
[Round "9.2"]
[White "Santos Latasa, Jaime"]
[Black "Vorobiov, Evgeny E."]
[Result "0-1"]
[WhiteElo "2588"]
[BlackElo "2556"]
[Annotator "RC"]
[PlyCount "147"]
[EventDate "2019.06.15"]
[EventType "swiss"]
[EventCountry "CZE"]
[SourceTitle "playchess.com"]
[Source "ChessBase"]
[SourceQuality "1"]
[TimeControl "40/5400+30:1800+30"]

1. e4 {[%emt 0:00:00]} c5 {[%emt 0:00:00]} 2. Nf3 {[%emt 0:00:00]} Nc6 {[%emt 0:00:31]} 3. Bb5 {[%emt 0:00:00]} Nf6 {[%emt 0:01:21]} 4. Nc3 {[%emt 0:00:00]} Qc7 {[%emt 0:00:54]} 5. O-O {[%emt 0:00:08]} Nd4 {[%emt 0:01:02]} 6. Re1 {[%emt 0:00:11]} a6 {[%emt 0:00:34]} 7. Bf1 {[%emt 0:00:06]} Ng4 {[%emt 0:01:20]} 8. g3 {[%emt 0:00:07]} Nxf3+ {[%emt 0:00:26]} 9. Qxf3 {[%emt 0:00:07]} Ne5 {[%emt 0:00:09]} 10. Qe2 {[%emt 0:00:12]} e6 {[%emt 0:00:57]} 11. d3 {[%emt 0:00:17]} Be7 {[%emt 0:03:09]} 12. f4 {[%emt 0:01:26]} Nc6 {[%emt 0:00:51]} 13. Be3 {[%emt 0:00:29]} d6 {[%emt 0:01:51]} 14. Bg2 {[%emt 0:01:46]} O-O {[%emt 0:01:50]} 15. Qf2 {[%emt 0:00:21]} Bd7 {[%emt 0:09:54]} 16. a3 {[%emt 0:05:25]} b5 {[%emt 0:04:27]} 17. Ne2 {[%emt 0:06:30]} a5 {[%emt 0:03:15]} 18. c3 {[%emt 0:01:55]} b4 {[%emt 0:06:03]} 19. d4 {[%emt 0:06:33]} bxc3 {[%emt 0:05:53]} 20. bxc3 {[%emt 0:00:39]} Rab8 {[%emt 0:08:22]} 21. Rab1 {[%emt 0:04:03]} Rxb1 {[%emt 0:06:19]} 22. Rxb1 {[%emt 0:00:27]} Rb8 {[%emt 0:00:02]} 23. Qe1 {[%emt 0:00:12]} a4 {[%emt 0:03:25]} 24. Rxb8+ {[%emt 0:04:24]} Qxb8 {[%emt 0:00:06]} 25. dxc5 {[%emt 0:00:05]} Na5 {[%emt 0:01:45]} 26. Qd1 {[%emt 0:02:40]} Nc4 {[%emt 0:01:24]} 27. Bc1 {[%emt 0:00:07]} Qa7 {[%emt 0:02:22]} 28. Qd4 {[%emt 0:00:27]} d5 {[%emt 0:00:54]} 29. Kh1 {[%emt 0:00:51]} Qxc5 {[%emt 0:07:45]} 30. exd5 {[%emt 0:00:15]} Qxd4 {[%emt 0:00:59]} 31. Nxd4 {[%emt 0:01:58]} Bxa3 {[%emt 0:05:57]} 32. dxe6 {[%emt 0:02:07]} fxe6 {[%emt 0:00:19]} 33. Bxa3 {[%emt 0:03:20]} Nxa3 {[%emt 0:00:06]} 34. Bf1 {[%emt 0:00:07]} Nb1 {[%emt 0:07:15]} 35. Bc4 {[%emt 0:00:25]} Kf8 {[%emt 0:03:01]} 36. Ne2 {[%emt 0:06:25]} Bc6+ {[%emt 0:02:30]} 37. Kg1 {[%emt 0:00:32]} Bd5 {[%emt 0:01:14]} 38. Bd3 {[%emt 0:01:09]} Nd2 {[%emt 0:00:19]} 39. Bxh7 {[%emt 0:01:15]} a3 {[%emt 0:00:36]} 40. Nc1 {[%emt 0:00:11]} a2 {[%emt 0:02:08]} 41. Nxa2 {[%emt 0:30:15]} Bxa2 {[%emt 0:30:06]} 42. Kf2 {[%emt 0:01:52]} Bc4 {[%emt 0:06:59]} 43. Bc2 {[%emt 0:03:25]} Ke7 {[%emt 0:00:46]} 44. h4 {[%emt 0:00:21]} Bd5 {[%emt 0:00:00]} 45. Ke3 {[%emt 0:00:00]} Nc4+ {[%emt 0:00:00]} 46. Kf2 {[%emt 0:00:00]} Nd6 {[%emt 0:00:00]} 47. Ke3 {[%emt 0:00:00]} Nb5 {[%emt 0:00:00]} 48. Kd2 {[%emt 0:00:00]} Bf3 {[%emt 0:00:00]} 49. Bd3 {[%emt 0:00:00]} Nd6 {[%emt 0:00:00]} 50. Ke3 {[%emt 0:00:00]} Bg4 {[%emt 0:00:00]} 51. Bc2 {[%emt 0:00:00]} Nf5+ {[%emt 0:00:00]} 52. Kf2 {[%emt 0:00:00]} Kd6 {[%emt 0:00:00]} 53. Bb3 {[%emt 0:00:00]} Ne7 {[%emt 0:00:00]} 54. Ke3 {[%emt 0:00:00]} Nd5+ {[%emt 0:00:00]} 55. Kd4 {[%emt 0:00:00]} Nf6 {[%emt 0:00:00]} 56. Ke3 {[%emt 0:00:00]} Nh5 {[%emt 0:00:00]} 57. Kf2 {[%emt 0:00:00]} Kc5 {[%emt 0:00:00]} 58. Ba2 {[%emt 0:00:00]} Kc6 {[%emt 0:00:00]} 59. Bc4 {[%emt 0:00:56]} Kb6 {[%emt 0:00:00]} 60. Bd3 {[%emt 0:00:00]} Kc5 {[%emt 0:00:00]} 61. Bf1 {[%emt 0:00:00]} Nf6 {[%emt 0:02:19]} 62. Ke3 {[%emt 0:00:00]} Nd5+ {[%emt 0:00:34]} 63. Kd2 {[%emt 0:00:00]} Ne7 {[%emt 0:00:25]} 64. Ke3 {[%emt 0:00:00]} Nf5+ {[%emt 0:00:06]} 65. Kf2 {[%emt 0:00:00]} Kd5 {[%emt 0:00:09]} 66. Bd3 {[%emt 0:00:00]} Nd6 {[%emt 0:00:28]} 67. Ke3 {[%emt 0:00:00]} Nc4+ {[%emt 0:00:30]} 68. Kf2 {[%emt 0:00:00]} Nb2 {[%emt 0:00:34]} 69. Be2 {[%emt 0:00:00]} Nd1+ {[%emt 0:01:07]} 70. Ke1 {[%emt 0:00:00]} Bxe2 {[%emt 0:00:07]} 71. Kxe2 {[%emt 0:00:00]} Nxc3+ {[%emt 0:00:05]} 72. Kf3 {[%emt 0:00:00]} Ne4 {[%emt 0:05:50]} 73. h5 {[%emt 0:00:24]} Nf6 {[%emt 0:01:16]} 74. g4 {[%emt 0:00:06] Ke5} 0-1

[Event "Teplice Open 2019"]
[Site "Teplice"]
[Date "2019.06.23"]
[Round "9.3"]
[White "Berkes, Ferenc"]
[Black "Romanov, Evgeny"]
[Result "1-0"]
[WhiteElo "2675"]
[BlackElo "2577"]
[Annotator "TA"]
[PlyCount "61"]
[EventDate "2019.06.15"]
[EventType "swiss"]
[EventCountry "CZE"]
[SourceTitle "playchess.com"]
[Source "ChessBase"]
[SourceQuality "1"]

{[%evp 13,61,15,15,9,16,26,12,0,0,0,0,10,0,0,0,0,0,0,0,0,0,0,0,0,8,4,18,17,13,16,0,0,24,0,0,-11,0,0,0,0,0,-67,-68,-79,-65,-147,0,0,366,337]} 1. d4 d5 2. Nf3 Nf6 3. c4 dxc4 4. Qa4+ Nbd7 5. Nc3 e6 6. e4 a6 7. Bxc4 Rb8 {Threatens to win with ...b5.} 8. Qc2 {D23: Queen's Gambit Accepted: 3 Nf3 Nf6 sidelines} b5 9. Bd3 Bb7 10. O-O {The position is equal.} (10. Bf4 Rc8 11. d5 exd5 12. O-O-O d4 13. Nxd4 Nh5 14. Be3 c5 15. Nf5 g6 16. Be2 Ng7 17. Nd6+ Bxd6 18. Rxd6 Qe7 19. Rhd1 Bc6 20. Rxd7 Bxd7 21. Nd5 {1-0 (21) Rapport,R (2731)-Van Foreest,J (2612) Wijk aan Zee 2019}) 10... c5 11. Bf4 Rc8 {White must now prevent ...cxd4.} 12. d5 $1 c4 13. Be2 exd5 14. Rad1 {[#]} Bb4 $146 ({Predecessor:} 14... Nc5 15. Bg5 Be7 16. Bxf6 Bxf6 17. Nxd5 {0-1 (50) Portisch,L (2599)-Atalik,S (2551) Kallithea 2002}) 15. e5 Bxc3 $1 16. bxc3 Ne4 17. Nd4 O-O 18. Bg4 Ra8 19. Bf5 g6 20. Bxd7 Qxd7 21. f3 Nc5 $36 {[%mdl 2048] Black has good play.} 22. Bg5 $1 Qc7 23. Rfe1 Rfe8 24. Qd2 Rxe5 25. Rxe5 Qxe5 26. Re1 Qd6 27. Qe3 {[#]} (27. Be7 $1 $11 Qb6 28. Qg5) 27... Ne6 $1 $15 28. Bf6 {[%cal Rd4e6]} (28. Nxe6 Re8) 28... Re8 29. f4 {[#]} (29. h3 $15) 29... Bc6 ({Better is} 29... Qd7 $1 $17 {Strongly threatening ...Ng7.} 30. f5 Ng7) 30. f5 $11 Nxd4 $4 {[%mdl 8192]} (30... Ng7 $1 $11 {and Black has nothing to worry.} 31. Be7 Qc7) 31. Qxe8+ $1 {Accuracy: White = 75%, Black = 65%.} 1-0

[Event "Teplice Open 2019"]
[Site "Teplice"]
[Date "2019.06.23"]
[Round "9.4"]
[White "Stocek, Jiri"]
[Black "Demchenko, Anton"]
[Result "1-0"]
[WhiteElo "2551"]
[BlackElo "2671"]
[Annotator "TA"]
[PlyCount "99"]
[EventDate "2019.06.15"]
[EventType "swiss"]
[EventCountry "CZE"]
[SourceTitle "playchess.com"]
[Source "ChessBase"]
[SourceQuality "1"]

{[%evp 10,99,52,26,56,31,70,61,84,72,80,83,91,69,68,68,68,65,56,39,63,57,130,148,124,100,105,108,112,90,94,69,157,156,218,226,216,211,214,206,267,259,250,257,231,60,307,302,312,302,379,386,387,400,390,395,518,516,518,519,504,492,850,829,837,832,809,804,741,0,786,791,29971,29972,5010,940,2727,2416,1838,563,559,548,536,540,604,597,866,866,986,975,910,877]} 1. d4 Nf6 2. c4 g6 3. Nc3 Bg7 4. e4 d6 5. Be2 O-O 6. Nf3 Qe8 {E97: King's Indian: Classical Main Line (6...e5 7 0-0 Nc6): 8 Be3 and 8 d5 Ne7, not 9 Ne1} (6... e5 7. O-O Qe8 8. dxe5 dxe5 9. b4 Bg4 10. b5 Bxf3 11. Bxf3 Qe6 12. Nd5 Rc8 13. Nxf6+ Qxf6 14. Be3 Rd8 15. Qb3 Nd7 16. c5 c6 {1-0 (49) Wojtaszek,R (2722)-Rapport,R (2738) Prague 2019}) 7. Be3 Nbd7 8. Nd2 a6 $146 {White is slightly better.} ({Predecessor:} 8... e5 9. d5 Kh8 10. Qc2 Ng8 11. f3 f5 12. O-O-O f4 13. Bf2 Ndf6 14. Kb1 Bd7 15. c5 {1-0 (60) Pubantz,J (1716)-Kostanyan,H (1546) Willingen 2016}) 9. O-O e5 10. d5 h5 11. b4 Ng4 12. Bg5 Bh6 13. Bxh6 Nxh6 14. c5 Qe7 15. Nc4 Nf6 (15... f5 $14) 16. Qd2 $16 {Black must now prevent cxd6.} Kg7 17. f4 exf4 18. Qxf4 {[%cal Rc5d6]} Rd8 19. Kh1 Nd7 20. Rad1 {[%cal Rc5d6]} f6 (20... Ne5 $1 $14) 21. Qg3 $36 {[%mdl 2048] Black is under strong pressure.} Ne5 (21... Kh7 $16 22. cxd6 cxd6 23. Nxd6 (23. Qxd6 Qxd6 24. Nxd6 Ne5 $16) 23... Ne5) 22. Bxh5 $1 $18 {aiming for Nxe5.} Nhf7 {[#]} 23. Ne3 $1 Rh8 {[#]} 24. Be2 $1 Bd7 25. c6 bxc6 26. dxc6 Nxc6 27. Ned5 $2 ({White should play} 27. Ncd5 $18 Qe5 28. Rf4) 27... Qd8 $2 ({Better is} 27... Qe5 $14 28. Kg1 Qxg3 29. hxg3 Ra7) 28. Nxf6 (28. Rxf6 $6 Nce5 $18) 28... Nce5 29. Ncd5 ({Resist} 29. Nxd7 Nxd7 30. Nd5 Nde5 $18) 29... Rh6 30. Rf2 ({Don't take} 30. Nxd7 Qxd7 31. Rc1 Ra7 $18) 30... c6 31. Ne3 {Threatens to win with Rxd6!} Be6 32. Rdf1 Kh8 33. Bg4 Qe7 34. Bxe6 Qxe6 35. Neg4 a5 (35... Kg7 $142 36. Nxh6 Nxh6) 36. Nxh6 Nxh6 37. Qg5 {[%cal Rg5h6]} Kg7 38. Nh5+ Kh7 39. Nf6+ Kg7 40. bxa5 Rxa5 41. Nh5+ Kh7 42. Qd8 (42. Rf8 $142 gxh5 43. R1f6 Qxf6 44. Rxf6) 42... Ra7 43. Nf6+ Kg7 44. Qxd6 (44. Ne8+ $142 Kh7 45. Rf8) 44... Qxd6 45. Ne8+ {[%mdl 64] Double Attack} Kh7 46. Nxd6 Rd7 47. Rd2 Ra7 48. Rb1 Ra4 49. Rb7+ Kh8 50. h3 {Accuracy: White = 62%, Black = 38%.} 1-0

[Event "Teplice Open 2019"]
[Site "Teplice"]
[Date "2019.06.23"]
[Round "9.5"]
[White "Plat, Vojtech"]
[Black "Tari, Aryan"]
[Result "1/2-1/2"]
[WhiteElo "2547"]
[BlackElo "2623"]
[Annotator "RC"]
[PlyCount "119"]
[EventDate "2019.06.15"]
[EventType "swiss"]
[EventCountry "CZE"]
[SourceTitle "playchess.com"]
[Source "ChessBase"]
[SourceQuality "1"]
[TimeControl "40/5400+30:1800+30"]

1. e4 {[%emt 0:00:09]} e5 {[%emt 0:00:40]} 2. Nf3 {[%emt 0:00:06]} Nc6 {[%emt 0:00:03]} 3. Bb5 {[%emt 0:00:19]} a6 {[%emt 0:00:05]} 4. Ba4 {[%emt 0:00:08]} Nf6 {[%emt 0:00:07]} 5. d4 {[%emt 0:00:12]} exd4 {[%emt 0:00:15]} 6. O-O {[%emt 0:00:07]} Be7 {[%emt 0:00:23]} 7. Re1 {[%emt 0:00:06]} b5 {[%emt 0:00:24]} 8. e5 {[%emt 0:02:24]} Nxe5 {[%emt 0:00:08]} 9. Rxe5 {[%emt 0:01:05]} d6 {[%emt 0:00:07]} 10. Re1 {[%emt 0:00:02]} bxa4 {[%emt 0:00:31]} 11. Qxd4 {[%emt 0:00:02]} O-O {[%emt 0:07:31]} 12. Qxa4 {[%emt 0:04:02]} Bb7 {[%emt 0:06:24]} 13. Nd4 {[%emt 0:03:03]} Re8 {[%emt 0:01:30]} 14. Bg5 {[%emt 0:06:55]} Qc8 {[%emt 0:10:48]} 15. Nb3 {[%emt 0:32:07]} h6 {[%emt 0:18:48]} 16. Bh4 {[%emt 0:01:45]} Rb8 {[%emt 0:12:48]} 17. N1d2 {[%emt 0:04:01]} c5 {[%emt 0:00:55]} 18. Bxf6 {[%emt 0:04:33]} Bxf6 {[%emt 0:03:11]} 19. Rxe8+ {[%emt 0:00:05]} Qxe8 {[%emt 0:00:05]} 20. Qxe8+ {[%emt 0:00:02]} Rxe8 {[%emt 0:00:07]} 21. Nc4 {[%emt 0:00:09]} Bd5 {[%emt 0:06:58]} 22. Nxd6 {[%emt 0:07:01]} Rd8 {[%emt 0:00:41]} 23. Nf5 {[%emt 0:05:47]} Be6 {[%emt 0:03:05]} 24. Ne3 {[%emt 0:01:30]} Bxb2 {[%emt 0:01:04]} 25. Rd1 {[%emt 0:00:35]} Rxd1+ {[%emt 0:04:14]} 26. Nxd1 {[%emt 0:00:48]} Ba3 {[%emt 0:00:17]} 27. Kf1 {[%emt 0:01:57]} Kf8 {[%emt 0:02:17]} 28. Ke2 {[%emt 0:01:06]} Ke7 {[%emt 0:00:46]} 29. Ne3 {[%emt 0:00:11]} Bb4 {[%emt 0:09:51]} 30. Kd3 {[%emt 0:01:43]} Be1 {[%emt 0:00:13]} 31. f4 {[%emt 0:11:19]} Kd6 {[%emt 0:00:17]} 32. f5 {[%emt 0:01:33]} Bd7 {[%emt 0:01:28]} 33. Nc4+ {[%emt 0:00:11]} Ke7 {[%emt 0:01:35]} 34. g4 {[%emt 0:03:12]} Bf2 {[%emt 0:01:10]} 35. Ne5 {[%emt 0:00:54]} Be8 {[%emt 0:02:13]} 36. c4 {[%emt 0:03:32]} f6 {[%emt 0:02:17]} 37. Nf3 {[%emt 0:00:13]} h5 {[%emt 0:00:18]} 38. Ke2 {[%emt 0:02:41]} hxg4 {[%emt 0:00:32]} 39. Kxf2 {[%emt 0:00:03]} gxf3 {[%emt 0:00:06]} 40. Nxc5 {[%emt 0:00:11]} Bf7 {[%emt 0:01:30]} 41. Nxa6 {[%emt 0:30:05]} Bxc4 {[%emt 0:30:14]} 42. Nb4 {[%emt 0:00:03]} Kd6 {[%emt 0:00:00]} 43. Kxf3 {[%emt 0:00:00]} Ke5 {[%emt 0:00:00]} 44. a4 {[%emt 0:00:00]} Kxf5 {[%emt 0:00:00]} 45. a5 {[%emt 0:00:00]} Be6 {[%emt 0:00:00]} 46. Ke3 {[%emt 0:00:00]} Ke5 {[%emt 0:00:00]} 47. a6 {[%emt 0:00:00]} Bc8 {[%emt 0:00:00]} 48. a7 {[%emt 0:00:00]} Bb7 {[%emt 0:00:00]} 49. h4 {[%emt 0:00:00]} g5 {[%emt 0:00:00]} 50. Nd3+ {[%emt 0:00:00]} Kf5 {[%emt 0:00:00]} 51. Nc5 {[%emt 0:00:00]} Ba8 {[%emt 0:00:00]} 52. h5 {[%emt 0:00:00]} g4 {[%emt 0:00:00]} 53. Ne4 {[%emt 0:00:00]} Bc6 {[%emt 0:00:00]} 54. h6 {[%emt 0:00:00]} Kg6 {[%emt 0:00:00]} 55. Kf4 {[%emt 0:00:00]} Kxh6 {[%emt 0:00:00]} 56. Nxf6 {[%emt 0:00:00]} g3 {[%emt 0:00:00]} 57. Ng4+ {[%emt 0:00:00]} Kh5 {[%emt 0:00:00]} 58. Kxg3 {[%emt 0:00:00]} Kg5 {[%emt 0:00:00]} 59. Ne5 {[%emt 0:00:00]} Ba8 {[%emt 0:00:00]} 60. Nd7 {[%emt 0:00:00]} 1/2-1/2

[Event "Teplice Open 2019"]
[Site "Teplice"]
[Date "2019.06.23"]
[Round "9.6"]
[White "Van Foreest, Jorden"]
[Black "Shevchenko, Kirill"]
[Result "1-0"]
[WhiteElo "2610"]
[BlackElo "2539"]
[Annotator "TA"]
[PlyCount "105"]
[EventDate "2019.06.15"]
[EventType "swiss"]
[EventCountry "CZE"]
[SourceTitle "playchess.com"]
[Source "ChessBase"]
[SourceQuality "1"]

{[%evp 11,105,24,24,32,32,30,29,17,19,20,21,18,22,17,30,14,7,2,29,33,22,18,11,0,0,0,13,8,11,5,28,24,37,37,51,6,8,8,37,37,37,37,37,37,37,37,37,37,37,37,140,140,131,123,206,123,150,161,154,99,275,268,241,275,281,240,199,155,998,831,6609,6410,2302,1703,5349,3222,2260,2058,1212,1150,2486,939,29975,29977,29977,29978,29978,29979,29983,29981,29988,29989,29994,29993,29994,29995]} 1. d4 Nf6 2. c4 e6 3. Nf3 b6 4. g3 Bb7 5. Bg2 c5 6. d5 exd5 7. Ng5 {E16: Queen's Indian: 4 g3 Bb7 5 Bg2 Bb4+} (7. cxd5 Bxd5 8. Nc3 Bc6 9. O-O Be7 10. e4 O-O 11. Re1 d6 12. Bf4 Nh5 13. Be3 Nd7 14. Qe2 Nhf6 {0-1 (39) Moranda,W (2593)-Iturrizaga Bonelli,E (2637) chess.com INT 2019}) 7... h6 8. Nh3 {[%mdl 1024] White has compensation.} g6 9. Nc3 {White has an edge.} Bg7 10. Nf4 O-O 11. O-O Na6 $146 ({Predecessor:} 11... Re8 12. Rb1 Na6 13. Ncxd5 Nxd5 14. Nxd5 {1-0 (63) Neves,B (2190)-Ferre Perez,A (2114) ICCF email 2014}) 12. Nfxd5 Nxd5 13. Nxd5 Nb4 14. Rb1 Re8 15. Nxb4 Bxg2 16. Kxg2 cxb4 17. Be3 Qc8 18. Qd3 Qa6 19. Qb3 Rac8 20. Rbc1 {[%cal Bb1c1,Bc1d1,Bd1d7][%mdl 32]} Re4 {[%cal Re4c4]} 21. Rfd1 Rexc4 22. Rxd7 b5 $1 {[#] ...Qc6+ is the strong threat.} 23. Rxa7 Qc6+ $1 24. f3 Qe6 (24... Qe8 $5 {[%cal Rc4c1]} 25. Rd1 Rc2 $11) 25. Rd1 Bxb2 26. Rdd7 Re8 $1 27. Qxb2 Qxe3 28. Rxf7 {[%csl Ga7,Gf7][%cal Rb2g7] [#]} Qc3 $1 {[%cal Rc3b2]} 29. Qb1 $40 {[%mdl 128] White mounts an attack.} Rxe2+ 30. Kh3 Qc2 ({Black should try} 30... Rc2 $1 $14) 31. Qxc2 $16 Rcxc2 {[%mdl 4096] Endgame KRR-KRR} 32. Rfb7 {Threatening mate with Rb8+.} Rxh2+ 33. Kg4 {Rb8+ would kill now.} Rc8 34. Rxb5 Rhc2 35. Rbb7 (35. Rxb4 $142 {Threatens to win with Rbb7.} R8c7 36. Rxc7 Rxc7 37. Rb6) 35... R2c6 $2 (35... R2c4+ $16 36. Kh3 R4c6) 36. Rg7+ $18 ({Don't take} 36. Rxb4 $6 R6c7 $16) 36... Kh8 37. Rh7+ Kg8 38. Rxh6 Rb8 39. Rhh7 b3 $2 (39... Ra6 $16 40. Rxa6 Kxh7) 40. axb3 Rxb3 41. Rhd7 {[%cal Rd7d8]} Rb8 42. f4 Re6 43. Rdc7 Rd8 44. Ra5 Rf8 45. Kg5 Rb8 46. Kh6 (46. g4 $142 Kf8 47. Raa7) 46... Kf8 47. Rh7 {White mates.} Kg8 48. Raa7 g5+ 49. Kxg5 Reb6 50. g4 Rb4 51. f5 Rc8 52. Rag7+ Kf8 53. f6 {Accuracy: White = 77%, Black = 38%.} 1-0